[Event "Liberec op 12th"]
[Site "Liberec"]
[Date "2011.10.25"]
[Round "4"]
[White "Pribyl, Josef"]
[Black "Janicek, Jindrich"]
[Result "1-0"]
[WhiteElo "2305"]
[BlackElo "2095"]
[PlyCount "73"]
[EventDate "2011.10.22"]
[EventType "swiss"]
[EventRounds "9"]
[EventCountry "CZE"]
[SourceTitle "EXT 2012"]
[Source "ChessBase"]
[SourceDate "2011.11.24"]
[SourceVersion "1"]
[SourceVersionDate "2011.11.24"]
[SourceQuality "1"]

1. e4 c5 2. Nf3 e6 3. Nc3 a6 4. g3 Nc6 5. Bg2 Nf6 6. 0-0 Qc7 7. d4 cxd4 8. Nxd4 Be7 9. a4 0-0 10. Be3 d6 11. h3 Re8 12. g4 Bf8 13. f4 Nd7 14. Qd2 Rb8 15. Kh1 Nxd4 16. Bxd4 b6 17. f5 Ne5 18. Qf2 Bd7 19. g5 Bc6 20. Rad1 b5 21. axb5 axb5 22. b3 Ra8 23. fxe6 fxe6 24. h4 Qb7 25. Rde1 b4 26. Nd1 Bb5 27. Rg1 Be7 28. Qg3 Qc7 29. Bh3 Bf8 30. Ne3 Bc6 31. Bg2 Ra2 32. h5 Be7 33. Ref1 Qd8 34. g6 h6 35. Rf7 Bh4 36. Qf4 Bg5 37. Rxg7+ 1-0

[Event "Ricany op-A"]
[Site "Ricany"]
[Date "2011.08.27"]
[Round "9"]
[White "Janicek, Jindrich"]
[Black "Lexa, Vaclav"]
[Result "1/2-1/2"]
[WhiteElo "2077"]
[BlackElo "1917"]
[PlyCount "91"]
[EventDate "2011.08.20"]
[EventType "swiss"]
[EventRounds "9"]
[EventCountry "CZE"]
[SourceTitle "CBM 144 Extra"]
[Source "ChessBase"]
[SourceDate "2011.10.28"]
[SourceVersion "1"]
[SourceVersionDate "2011.10.28"]
[SourceQuality "1"]

1. Nf3 Nf6 2. c4 e6 3. Nc3 d5 4. d4 c6 5. e3 Nbd7 6. Qc2 Bd6 7. e4 dxe4 8. Nxe4 Nxe4 9. Qxe4 Qa5+ 10. Bd2 Bb4 11. a3 Bxd2+ 12. Nxd2 Nf6 13. Qe3 0-0 14. Be2 Re8 15. f4 Bd7 16. g4 Kh8 17. g5 Ng8 18. b4 Qc7 19. Bd3 Ne7 20. Nf3 Nf5 21. Qe5 Qd8 22. 0-0 c5 23. bxc5 f6 24. Qe4 Qc7 25. Rab1 b6 26. cxb6 axb6 27. Rb3 Bc6 28. d5 Bd7 29. Bb1 Rad8 30. Qc2 Qxf4 31. Rxb6 fxg5 32. Qe4 Qe3+ 33. Qxe3 Nxe3 34. Nxg5 Rf8 35. Rxf8+ Rxf8 36. Bd3 exd5 37. Nxh7 Nxc4 38. Bxc4 Kxh7 39. Bxd5 Rc8 40. Be4+ Kg8 41. Bg6 Kf8 42. Ra6 Rc4 43. Kf2 Ke7 44. Kg3 Rg4+ 45. Kf2 Rh4 46. Kg3 1/2-1/2

[Event "Ricany op-A"]
[Site "Ricany"]
[Date "2011.08.23"]
[Round "5"]
[White "Janicek, Jindrich"]
[Black "Cap, Adam"]
[Result "0-1"]
[WhiteElo "2077"]
[BlackElo "1934"]
[PlyCount "102"]
[EventDate "2011.08.20"]
[EventType "swiss"]
[EventRounds "9"]
[EventCountry "CZE"]
[SourceTitle "CBM 144 Extra"]
[Source "ChessBase"]
[SourceDate "2011.10.28"]
[SourceVersion "1"]
[SourceVersionDate "2011.10.28"]
[SourceQuality "1"]

1. Nf3 Nf6 2. c4 c5 3. Nc3 Nc6 4. g3 g6 5. Bg2 Bg7 6. 0-0 0-0 7. d4 d6 8. d5 Ne5 9. Nxe5 dxe5 10. a3 Rb8 11. b4 b6 12. Rb1 Ba6 13. b5 Bc8 14. a4 Ne8 15. Bd2 Nd6 16. Qb3 f5 17. f4 e4 18. e3 a5 19. Rbd1 Qe8 20. Bc1 Qf7 21. Rd2 Rb7 22. Rfd1 Bf6 23. g4 Kh8 24. g5 Bg7 25. Bb2 Kg8 26. Bf1 Bd7 27. Rg2 Rbb8 28. Qc2 Qe8 29. h4 Kf7 30. h5 Rg8 31. Rh2 Qf8 32. Be2 Ke8 33. Kf2 Kd8 34. Rdh1 Kc7 35. hxg6 hxg6 36. Rh7 Rh8 37. Nb1 Rxh7 38. Rxh7 Bxb2 39. Qxb2 Be8 40. Nd2 Bf7 41. Qe5 Kd7 42. Bf1 Qg8 43. Rh6 Re8 44. Bh3 Kc7 45. Qc3 Kb7 46. Bf1 Ra8 47. Nb3 Qf8 48. Qe5 Re8 49. Be2 Qg8 50. Rh1 Qf8 51. Kg1 Qg8 0-1

[Event "Ricany op-A"]
[Site "Ricany"]
[Date "2011.08.22"]
[Round "4"]
[White "Grecny, Karol"]
[Black "Janicek, Jindrich"]
[Result "1-0"]
[WhiteElo "1975"]
[BlackElo "2077"]
[PlyCount "81"]
[EventDate "2011.08.20"]
[EventType "swiss"]
[EventRounds "9"]
[EventCountry "CZE"]
[SourceTitle "CBM 144 Extra"]
[Source "ChessBase"]
[SourceDate "2011.10.28"]
[SourceVersion "1"]
[SourceVersionDate "2011.10.28"]
[SourceQuality "1"]

1. e4 c5 2. Nf3 e6 3. d4 cxd4 4. Nxd4 Nc6 5. Nxc6 bxc6 6. c4 Nf6 7. Bd3 Qc7 8. 0-0 Bc5 9. Nc3 h5 10. Qf3 Ng4 11. Bf4 Bd6 12. Bxd6 Qxd6 13. Qg3 Qxg3 14. hxg3 Ba6 15. Be2 Rb8 16. b3 d6 17. Rad1 Ke7 18. c5 Bxe2 19. cxd6+ Kd7 20. Nxe2 h4 21. Rd3 h3 22. f4 f5 23. exf5 exf5 24. Nd4 Rbe8 25. gxh3 Rxh3 26. Nxf5 Re2 27. Nh4 Reh2 28. Rfd1 Rxa2 29. Re1 Rhh2 30. Re7+ Kd8 31. Rd1 Rh1+ 32. Kxh1 Nf2+ 33. Kg1 Nxd1 34. Rc7 Nc3 35. Ng6 Rd2 36. Rxa7 Rxd6 37. Ne5 Rf6 38. b4 Ne4 39. Rxg7 Nxg3 40. Rxg3 Rxf4 41. Rg6 1-0

[Event "Ricany op"]
[Site "Ricany"]
[Date "2010.08.25"]
[Round "6"]
[White "Janicek, Jindrich"]
[Black "Skokan, Frantisek"]
[Result "1-0"]
[WhiteElo "2063"]
[BlackElo "1903"]
[PlyCount "77"]
[EventDate "2010.08.21"]
[EventType "swiss"]
[EventRounds "9"]
[EventCountry "CZE"]
[SourceTitle "EXT 2022"]
[Source "ChessBase"]
[SourceDate "2021.10.06"]
[SourceVersion "1"]
[SourceVersionDate "2021.10.06"]
[SourceQuality "1"]

1. Nf3 Nf6 2. c4 e6 3. Nc3 b6 4. g3 Bb7 5. Bg2 Be7 6. 0-0 0-0 7. d4 c5 8. d5 d6 9. dxe6 fxe6 10. Bh3 e5 11. Ng5 Qe8 12. Be6+ Kh8 13. Nd5 Nxd5 14. Bxd5 Bxd5 15. Qxd5 Na6 16. a3 Nc7 17. Qb7 Qd8 18. Ne4 Qd7 19. Nc3 Rfb8 20. Qe4 b5 21. cxb5 Nxb5 22. Nd5 Nd4 23. b4 cxb4 24. axb4 Qc6 25. Bd2 Nxe2+ 26. Kg2 Rb5 27. Ra5 Rab8 28. f3 Bd8 29. Nc3 Qxe4 30. fxe4 Bxa5 31. Nxb5 Bb6 32. Nxd6 Kg8 33. Nf5 Nd4 34. Ne7+ Kh8 35. Nd5 Kg8 36. h4 g6 37. Bh6 Nc2 38. Ne7+ Kh8 39. Rf7 1-0

[Event "Olexa Memorial op-A"]
[Site "Brno"]
[Date "2001.12.26"]
[Round "2.4"]
[White "Vechet, Stanislav"]
[Black "Janicek, Jindrich"]
[Result "0-1"]
[WhiteElo "2222"]
[BlackElo "1949"]
[PlyCount "76"]
[EventDate "2001.12.25"]
[EventType "swiss"]
[EventRounds "9"]
[EventCountry "CZE"]
[SourceTitle "EXT 2003"]
[Source "ChessBase"]
[SourceDate "2002.11.25"]
[SourceVersion "1"]
[SourceVersionDate "2002.11.25"]
[SourceQuality "1"]

1. d4 d5 2. c4 c6 3. Nf3 Nf6 4. Nc3 e6 5. e3 Nbd7 6. Qc2 Bd6 7. cxd5 exd5 8. Bd3 0-0 9. 0-0 Re8 10. a3 Nf8 11. h3 Qe7 12. b4 a6 13. Re1 Ne4 14. Bxe4 dxe4 15. Nd2 f5 16. Bb2 Be6 17. Na4 Nd7 18. Nc5 Nxc5 19. bxc5 Bc7 20. Nc4 Rad8 21. a4 Qf7 22. Ne5 Bxe5 23. dxe5 Rd3 24. Bc3 Red8 25. Rab1 R8d7 26. Rec1 g5 27. Rb4 Re7 28. Rd1 Rxd1+ 29. Qxd1 Rd7 30. Rd4 Bd5 31. a5 Kf8 32. Rd2 Ke8 33. g3 h5 34. e6 Bxe6 35. Rxd7 Bxd7 36. Qd4 g4 37. Qh8+ Ke7 38. Be5 Be8 0-1